000 01290nam0a2200325 4500
001 RU\NLR\bibl\465644
005 20260406154259.0
010 _a5-09-012557-0
_910000
021 _aRU
_b2003-56897
_92780
035 _a(NLR Aleph) 000458987
090 _a921695
_c921695
100 _a20020801d2003 |||y0rusy50 ca
101 0 _arus
102 _aRU
105 _aa |||||||||
200 1 _aЛитература
_e10 кл.
_eМетод. советы
_eПособие для учителя
_fЮ. В. Лебедев, М. Б. Кузнецова
205 _a4-е изд.
210 _aМ.
_cПросвещение
_d2003
215 _a156, [2] с.
_cил.
_d20
606 0 _aРусская литература
_jМетодические пособия
_xПланирование учебного материала
_92256903
_3RU\NLR\auth\661353450
686 _aЧ426.21,6(2)315
700 1 _4070
_8rus
_7ca
_aЛебедев
_bЮ. В.
_cд-р филол. наук
_f1940-
_gЮрий Владимирович
_3RU\NLR\AUTH\776957
_9116903
701 1 _aКузнецова
_bМ. Б.
_gМарина Борисовна
_4070
801 0 _aRU
_bNLR
_c20031127
_gPSBO
801 1 _aRU
_bNLR
_c20031127
830 _aАвт. по кн.
942 _cBOOK
980 _aNB